Logo BPK

Biblioteka

Politechniki Koszalińskiej

Das deutsche soziale Drama von Lessing bis Sternheim / (Rekord nr 50463)

Szczegóły MARC
000 -ETYKIETA REKORDU
podpole kontrolne o stałej długości 00537nam a2200193 i 4500
001 - NUMER KONTROLNY REKORDU
pole kontrolne bgj
040 ## - ŹRÓDŁO KATALOGOWANIA
Instytucja, która utworzyła rekord BPK
041 0# - KOD JĘZYKA
Kod języka tekstu ger
044 ## - KOD KRAJU WYDAWCY/PRODUCENTA
Kod kraju wydawcy/producenta DEU
080 ## - UNIWERSALNA KLASYFIKACJA DZIESIĘTNA - UKD
UKD 821.112.2-2
008 - POLE O STAŁEJ DŁUGOŚCI - DANE KONTROLNE
podpole kontrolne o stałej długości s gw f |000 0 ger
100 1# - NAZWA OSOBOWA
Nazwa osobowa DOSENHEIMER, Elise.
245 10 - TYTUŁ/ODPOWIEDZIALNOŚĆ
Tytuł Das deutsche soziale Drama von Lessing bis Sternheim /
Pozostałe elementy strefy tytułu i oznaczenia odpowiedzialności Elise Dosenheimer.
260 ## - STREFA ADRESU WYDAWNICZEGO
Miejsce wydania Konstanz :
Nazwa wydawcy/dystrybutora Südverlag,
Data publikacji, dystrybucji/powstania dokumentu c. 1949.
300 ## - STREFA OPISU FIZYCZNEGO
Objętość 350, [1] s. ;
Rozmiary 22 cm.
504 ## - UWAGA DOTYCZĄCA BIBLIOGRAFII
Informacje o bibliografii Bibliogr. s. 344-347. Indeks.
650 9# - HASŁO PRZEDMIOTOWE W FORMIE NAZWY OGÓLNEJ LUB JEDNOSTKOWEJ
Nazwa ogólna lub geograficzna Literatura niemiecka
Określnik ogólny dramat
856 ## - LOKALIZACJA I DOSTĘP DO ELEKTRONICZNYCH DOKUMENTÓW ZDALNYCH
Link (URL) http://koha.tu.koszalin.pl/cgi-bin/koha/opac-detail.pl?biblionumber=50463
Tekst linku Katalog online BPK
942 ## - DODATKOWE ELEMENTY (KOHA)
Typ dokumentu Książka
Egzemplarze
Wycofany Status egzemplarza Uszkodzony Dostępność Lokalizacja stała Lokalizacja bieżąca Miejsce przechowywania Sygnatura Kod kreskowy Typ dokumentu
      Dostępny Biblioteka Politechniki Koszalińskiej Biblioteka Politechniki Koszalińskiej Wypożyczalnia Językowa N 380 02122656 Książka
© 2023 Biblioteka Politechniki Koszalińskiej :: KOHA